000 00524nam a22001817a 4500
005 20231121064733.0
008 231121b |||||||| |||| 00| 0 eng d
020 _a040911684 X
041 _aEnglish
082 _a343.4 PRA
100 _lEnglish
245 _aThe Lexis Practical Guide to Tax in Namibia
250 _aFifth Edition
260 _aDurban :
_bLexisNexis Butterworths,
_c2006
300 _bxv, 194 pages ;
_c22 cm.
650 _aLegal practice
_bLaw
942 _cBK
_6ALISON_BN_VRIES
999 _c818
_d818